000 00541nam a2200181Ia 4500
008 240925s9999 xx 000 0 und d
020 _a9788131517369
082 _a005.74 COR
100 _aCoronel, Carlos
245 0 _aDatabase Principles: Fundamentals of Design, Implementation, and Management
250 _a9th
260 _aNew Delhi:
_bCengage Learning
_c,2011.
300 _a58p.
_b0
_fOriginal
500 _aIncludes Index
600 _aComputer Science
650 _aComputer science, information & general works
942 _cBK
999 _c12585
_d12585